000
00325 a2200157 4500
001
177708
020
_a
040
_c
Magnum
100
_a
Alves, Januária Cristina
240
1
0
_a
Amor de indio
_l
por
245
1
0
_a
Amor de indio
362
0
_a
1899
440
1
_a
Paulinas
697
_a
MAGNITO: IJ/FABULAS
942
_c
BK
999
_c
177708
_d
177708